Central Library OPAC University of Rajshahi

Sales management : (Record no. 15631)

MARC details
000 -LEADER
fixed length control field 00926pam a2200301 a 4500
001 - CONTROL NUMBER
control field 15631
003 - CONTROL NUMBER IDENTIFIER
rucl marc code BD-RjUL
005 - DATE AND TIME OF LATEST TRANSACTION
control field 20211208235847.0
008 - FIXED-LENGTH DATA ELEMENTS--GENERAL INFORMATION
fixed length control field 140210s20071988ii a 001 0 eng
020 ## - INTERNATIONAL STANDARD BOOK NUMBER
International Standard Book Number 0137865422
International Standard Book Number 9788121908132
035 ## - SYSTEM CONTROL NUMBER
System control number (BD-RjUL)15686
040 ## - CATALOGING SOURCE
Original cataloging agency DLC
Transcribing agency DLC
Modifying agency BD-RjUL
Language of cataloging eng
041 ## - LANGUAGE CODE
Language code of text/sound track or separate title eng
082 00 - DEWEY DECIMAL CLASSIFICATION NUMBER
Classification number 658.81
Edition number 19
Author mark and year STS 2007
100 1# - MAIN ENTRY--PERSONAL NAME
Personal name Still, Richard Ralph,
Dates associated with a name 1921-
9 (RLIN) 48526
245 10 - TITLE STATEMENT
Title Sales management :
Remainder of title decisions, strategies, and cases /
Statement of responsibility, etc. Richard R. Still, Edward W. Cundiff, Norman A.P. Govoni.
250 ## - EDITION STATEMENT
Edition statement 5th ed.
260 ## - PUBLICATION, DISTRIBUTION, ETC. (IMPRINT)
Place of publication, distribution, etc. New Delhi :
Name of publisher, distributor, etc. Prentice-Hall,
Date of publication, distribution, etc. c1988 [Reprinted 2007].
300 ## - PHYSICAL DESCRIPTION
Pagination xvi, 638 p. :
Illustrations ill. ;
Size 25 cm.
500 ## - GENERAL NOTE
General note Includes index.
650 #0 - SUBJECT ADDED ENTRY--TOPICAL TERM
Topical term or geographic name as entry element Sales management.
9 (RLIN) 48009
700 1# - ADDED ENTRY--PERSONAL NAME
Personal name Cundiff, Edward W.
Personal name Govoni, Norman A. P.
942 ## - ADDED ENTRY ELEMENTS (KOHA)
Source of classification or shelving scheme Dewey Decimal Classification
Koha item type Books
Holdings
Lost status Source of classification or shelving scheme Damaged status Not for loan Collection code Permanent Location Current Location Shelving location Date acquired Source of acquisition Cost, normal purchase price Total Checkouts Full call number Date last seen Copy number Koha item type
  Dewey Decimal Classification     Non-fiction Central Library, University of Rajshahi Central Library, University of Rajshahi   27/07/2008 Paragon Ent. 275.00   658.81 STS 2007 10/02/2014 C-6 Books
  Dewey Decimal Classification     Non-fiction Central Library, University of Rajshahi Central Library, University of Rajshahi   27/05/2008 Dhaka Progan Enterprise 550.00   658.81 STS 2007 07/11/2016 C-2 Books
  Dewey Decimal Classification   Not For Loan Non-fiction Central Library, University of Rajshahi Central Library, University of Rajshahi Reading Room 27/05/2008 Dhaka, Mullick & Brothers 550.00   658.81 STS 2007 17/01/2017 C-1 Books
  Dewey Decimal Classification     Non-fiction Central Library, University of Rajshahi Central Library, University of Rajshahi   02/06/2008 Paragon Interprise , Dhaka 275.00   658.81 STS 2007 28/10/2019 C-3 Books
  Dewey Decimal Classification     Non-fiction Central Library, University of Rajshahi Central Library, University of Rajshahi   02/06/2008 Paragon Interprise , Dhaka 275.00   658.81 STS 2007 28/10/2019 C-4 Books
  Dewey Decimal Classification     Non-fiction Central Library, University of Rajshahi Central Library, University of Rajshahi   27/07/2008 Paragon Interprise , Dhaka 275.00   658.81 STS 2007 28/10/2019 C-5 Books